| 000 | 00958nam a22002057a 4500 | ||
|---|---|---|---|
| 999 |
_c15631 _d15631 |
||
| 003 | AR-CdUCM | ||
| 008 | 190429b ||||| |||| 00| 0 spa d | ||
| 040 |
_aMUNICIPALIDAD PROVINCIAL DEL CUSCO _cBIBLIOTECA MUNICIPAL DEL CUSCO |
||
| 082 |
_a985.4 / _bB23 |
||
| 110 |
_aCentro Bartolome de las Casas _93293 |
||
| 245 | _aCuadernos para la historia de la evangelización en América Latina / | ||
| 260 |
_aQuito : _bIHALOP, _c1986. |
||
| 300 |
_a268 paginas ; _bIlustraciones, mapas, _c21 cm. |
||
| 505 | _aContenido :La reducción Santo Domingo Soriano y su entorno rioplatense en la segunda mitad del siglo XVII -- Una experiencia de evangelización en los Andes. Los jesuitas de Juli, siglos XVII - XVIII -- Las primeras tentativas de evangelización de la tierra del fuego, 1768-1769... | ||
| 650 |
_aDomingo Soriano _934756 |
||
| 650 |
_aEvangelización _93112 |
||
| 650 |
_aOrden Dominica _934757 |
||
| 942 |
_2ddc _cLIBROS |
||
| 945 |
_awnts _d2019-04-29 |
||